| 000 | 01203nam a2200277Ia 4500 | ||
|---|---|---|---|
| 003 | OSt | ||
| 005 | 20221005103535.0 | ||
| 006 | a|||||r|||| 00| 0 | ||
| 007 | ta | ||
| 008 | 221004b |||||||| |||| 00| 0 san d | ||
| 020 |
_a9788188741885 (hbk) _cINR 700.00 |
||
| 024 | _a41300 | ||
| 037 |
_b928/19, 29/01/2019, Literacy House _cTextual |
||
| 040 |
_aCRL _cCRL _bsan |
||
| 041 |
_2san _asan |
||
| 082 | _aO15,1A1:g, 152Q6 | ||
| 100 | _aशर्मा शास्त्री, भीमराज, संपा. | ||
| 245 | 0 |
_aश्रीमद्वाल्मीकीय रामायण _b एक आर्ष महाकाव्य |
|
| 246 | _aShrīmadvālmīkīya rāmāyaṇa: ek ārṣha mahākāvya | ||
| 260 |
_aजयपुर _bराष्ट्रीय संस्कृत साहित्य केन्द्र भारत _c2016 |
||
| 300 |
_a305पृ0 _ccm. |
||
| 650 | _a संस्कृत साहित्य | ||
| 650 | _aरामायण | ||
| 942 |
_hO15,1A1:g, 152Q6 _cTEXL _2cc |
||
| 999 |
_c1010254 _d1010254 |
||